Daytona Beach Int. Airport Destinations (Daytona Beach, FL, USA) - Statistics

General Stats
  • This quiz has been taken 88 times
    43 since last reset
  • The average score is 5 of 11
Answer Stats
Airline Destination % Correct
Delta Air Lines Atlanta
92%
American Airlines/American Eagle Charlotte
85%
JetBlue New York (JFK)
81%
JetBlue Boston
58%
Breeze Airways Hartford
31%
Breeze Airways Raleigh/Durham
27%
Avelo Airlines New Haven
23%
Breeze Airlines Akron/Canton
19%
Breeze Airways Providence
19%
Avelo Airlines Wilmington (DE)
19%
Breeze Airways White Plains
12%
No matching quizzes found
Score Distribution
Percent of People with Each Score
Percentile by Number Answered
Your Score History
You have not taken this quiz since the last reset